Problems of knowledge and freedom

Wedi'i Gadw mewn:
Manylion Llyfryddiaeth
Prif Awdur: Chomsky, Noam
Fformat: Llyfr
Iaith:Undetermined
Cyhoeddwyd: Londres, Inglaterra Fontana Collins 1971
Pynciau:
Tagiau: Ychwanegu Tag
Dim Tagiau, Byddwch y cyntaf i dagio'r cofnod hwn!

MARC

LEADER 00000nam a2200000Ia 4500
008 170316s9999 xx 000 0 und d
090 |a 100 CH-12p 
100 |a Chomsky, Noam 
245 |a Problems of knowledge and freedom 
260 |a Londres, Inglaterra 
260 |b Fontana Collins 
260 |c 1971 
300 |a 95 páginas 
650 |a FILOSOFÍA 
999 |c 15980  |d 15980 
040 |a cru BVZT 
942 |c 15 D  |h 100 CH-12p  |2 z